000 00412pam a2200157 a 4500
020 _a0824783557 (alk. paper)
040 _cDLC
082 0 0 _a631 M.DE 1991 A083 Co.
245 0 0 _aSoil analysis :
_bmodern instrumental techniques /
250 _a2nd ed.
260 _aNew York :
_bM. Dekker,
_cc1991.
300 _aviii, 659 p. :
_bill. ;
_c24 cm.
650 0 _aSoils
700 1 _aSmith, Keith A.,
942 _cEK
999 _c16089
_d16089